Czech Geography A-Z - Statistics

General Stats
  • This quiz has been taken 40 times
  • The average score is 16 of 27
Answer Stats
Letter Hint Answer % Correct
B The second largest city in Czechia. Brno
100%
G Neighboring country to the west of Czechia Germany
91%
V The longest river in Czechia. Vltava
88%
A The westernmost city in Czechia.
84%
O A city in Central Moravia whose plague column is in the UNESCO list of heritage. Also the city with the shortest tram network in Czechia Olomouc
84%
Č The second most visited city in Czechia, just after Prague. Český Krumlov
78%
S The tallest mountain at 1603 metres above the sea level. Sněžka
75%
J Centre of the Highlands (Vysočina) region. Birthplace of the board game and video game developer Vlaada Chvátil. Jihlava
72%
R A mountain in South-eastern Moravia, named after an old Slavic god, sharing its name with a beer brand. Radhošť
72%
Ř A hill on which, according to the legend, Forefather Czech decided to stay and settle. Říp
72%
Š The mountain range in Southern Bohemia. One of very few places in Czechia where wolves live in the wild. Šumava
69%
U The centre of the former North-Bohemian Region, very hilly city that straddles the Elbe river Ústí nad Labem
69%
Z A city in Southern Moravia, famous for its pickles production. Znojmo
69%
F One of the spa cities in Western Bohemia, since 2021 added on the UNESCO list of heritage. Františkovy Lázně
63%
L The only city in Czechia that still has some narrow-gauge tram tracks. Liberec
63%
T City in Southern Bohemia founded by the Hussites in 1420. In 1901, it became the starting point of the first railway line in Central Europe that was built as electrified since the beginning. Tábor
63%
M The city that was completely demolished to make space for coal mines. Its church was moved more than 800 metres. Most
59%
Ž The city famous for its hops plantages that supply most of Czech beer breweries Žatec
56%
CH A city in Northern Bohemia, home to the only alum lake in the world. Chomutov
47%
H The newest city in Czechia, founded in 1955. Havířov
41%
D City in South-western Moravia, where sugar cubes were invented in 1843 Dačice
38%
C A river in the North-eastern Bohemia, tributary of the Elbe river. Cidlina
34%
I A town in Southern Moravia, birthplace of a famous painter Alfons Mucha Ivančice
34%
K The city with a leaning church that is sinking due to the mining works underneath. In the last decades, it sunk over 40 metres. Karviná
31%
N A city in Eastern Bohemia, right on the border with Poland. Also known as "the only spa town in Czechia without a spa". Náchod
31%
E A town in Western Bohemia, home to the longest railway tunnel in Czechia (4150 metres) Ejpovice
25%
P Place in Eastern Bohemia with sand dunes, sometimes called a desert, despite only having an area of 0.1 sq km. Přesypy u Rokytna
3%
No matching quizzes found
Score Distribution
Percent of People with Each Score
Percentile by Number Answered
Your Score History
You have not taken this quiz